000
00304nam a22001457a 4500
008
210429b ||||| |||| 00| 0 eng d
020
_a
3823350269
041
_a
eng
080
_a
82
082
_a
82
100
_a
21
101
_a
GJL
245
_a
Sophie La Roche
_c
Schneider,G.L
942
_2
udc
_c
BK
999
_c
56934
_d
56934